Eminent blind persons of the world / (Record no. 123586)
[ view plain ]
| 000 -LEADER | |
|---|---|
| fixed length control field | 00920nam a22002417a 4500 |
| 005 - DATE AND TIME OF LATEST TRANSACTION | |
| control field | 20170124105927.0 |
| 010 ## - LIBRARY OF CONGRESS CONTROL NUMBER | |
| LC control number | A-597000 |
| 020 ## - INTERNATIONAL STANDARD BOOK NUMBER | |
| International Standard Book Number | 8170245001 |
| Terms of availability | 00.00 |
| 035 ## - SYSTEM CONTROL NUMBER | |
| System control number | A-597000 |
| 037 ## - SOURCE OF ACQUISITION | |
| Source of stock number/acquisition | Cen Lib/Ret |
| 040 ## - CATALOGING SOURCE | |
| Original cataloging agency | DPL |
| Language of cataloging | EN |
| 082 ## - DEWEY DECIMAL CLASSIFICATION NUMBER | |
| Classification number | 305.908161 |
| Item number | MIS |
| 100 ## - MAIN ENTRY--PERSONAL NAME | |
| Personal name | Mishra, Bharat |
| 9 (RLIN) | 7053 |
| 245 ## - TITLE STATEMENT | |
| Title | Eminent blind persons of the world / |
| Statement of responsibility, etc | by Bharat Mishra |
| 260 ## - PUBLICATION, DISTRIBUTION, ETC. (IMPRINT) | |
| Place of publication, distribution, etc | New Delhi |
| Name of publisher, distributor, etc | Ashish publishing house |
| Date of publication, distribution, etc | 1992 |
| 270 ## - ADDRESS | |
| Address | 8/81,Panjabi Bagh |
| City | New Delhi |
| Postal code | 110026 |
| 300 ## - PHYSICAL DESCRIPTION | |
| Extent | xiii,168p. |
| Dimensions | 21cm(Hb) |
| 650 ## - SUBJECT ADDED ENTRY--TOPICAL TERM | |
| Topical term or geographic name as entry element | Differently abled person-famous personalities |
| 9 (RLIN) | 7054 |
| 650 ## - SUBJECT ADDED ENTRY--TOPICAL TERM | |
| Topical term or geographic name as entry element | World famous- personalities |
| 9 (RLIN) | 7055 |
| 650 ## - SUBJECT ADDED ENTRY--TOPICAL TERM | |
| Topical term or geographic name as entry element | अलग ढंग से विकलांग व्यक्ति प्रसिद्ध हस्तियों |
| 9 (RLIN) | 7056 |
| 650 ## - SUBJECT ADDED ENTRY--TOPICAL TERM | |
| Topical term or geographic name as entry element | विश्व प्रसिद्ध हस्तियों |
| 9 (RLIN) | 7057 |
| 942 ## - ADDED ENTRY ELEMENTS (KOHA) | |
| Source of classification or shelving scheme | Dewey Decimal Classification |
| Koha item type | English Books |
| Classification part | 305.908161 |
| Call number suffix | MIS |
| Withdrawn status | Lost status | Damaged status | Not for loan | Home library | Current library | Date acquired | Source of acquisition | Cost, normal purchase price | Total Checkouts | Full call number | Barcode | Date last seen | Copy number | Cost, replacement price | Price effective from | Koha item type |
|---|---|---|---|---|---|---|---|---|---|---|---|---|---|---|---|---|
| Central Library | Central Library | 09/06/2015 | Cen Lib/Ret | 0.00 | 305.908161 MIS | A-597000 | 09/06/2015 | 1 | 0.00 | 09/06/2015 | English Books |
